| 000 | 01610cam a22005054a 4500 | ||
|---|---|---|---|
| 001 | 4994387 | ||
| 003 | OSt | ||
| 005 | 20140310184457.0 | ||
| 008 | 990125s1999 nyua b 001 0 eng | ||
| 010 | _a 99017402 | ||
| 020 | _a0439095794 (pbk.) | ||
| 040 |
_aDLC _cDLC |
||
| 042 |
_apcc _alcac |
||
| 050 | 0 | 0 |
_aQL 100 _b.B47 1999 |
| 100 | 1 |
_aBerger, Melvin. _94942 |
|
| 245 | 1 | 0 |
_aDo tarantulas have teeth? : _cMelvin and Gilda Berger ; illustrated by Jim Effler. |
| 260 |
_aNew York, N.Y. : _bScholastic Reference, _c1999. |
||
| 300 |
_a48 p. : _bcol. ill. ; _c20 x 26 cm. |
||
| 490 | 1 | _aScholastic question and answer series | |
| 500 | _aIncludes index. | ||
| 521 | _aG5 | ||
| 526 | _c730 | ||
| 650 | 0 |
_aPoisonous animals _xMiscellanea _xJuvenile literature. _928387 |
|
| 650 | 1 |
_aPoisonous animals _xMiscellanea. _928388 |
|
| 650 | 1 |
_aQuestions and answers. _94945 |
|
| 700 | 1 |
_aBerger, Gilda. _94946 |
|
| 700 | 1 |
_aEffler, James M., _d1956- _eill. _928389 |
|
| 800 | 1 |
_aBerger, Melvin. _tScholastic question and answer series. _928390 |
|
| 906 |
_a7 _bcbc _corignew _d1 _eocip _f19 _gy-gencatlg |
||
| 942 |
_2lcc _cBK-SCHOLAS |
||
| 999 |
_c34674 _d34674 |
||